Tabla Periódica, Bloque P - Estadísticas

Estadísticas generales
  • Esta prueba ha sido intentada 174 veces
  • La puntuación promedio es 28 de 37
Estadísticas de respuestas
# Símbolo Elemento % Correcto
2 He Helio
97%
5 B Boro
92%
10 Ne Neón
92%
8 O Oxígeno
92%
6 C Carbono
91%
54 Xe Xenón
91%
18 Ar Argón
89%
7 N Nitrógeno
89%
36 Kr Kriptón
88%
16 S Azufre
86%
17 Cl Cloro
86%
9 F Flúor
86%
15 P Fosforo
86%
14 Si Silicio
85%
13 Al Aluminio
82%
86 Rn Radón
82%
53 I Yodo
82%
35 Br Bromo
79%
51 Sb Antimonio
77%
31 Ga Galio
77%
33 As Arsenico
76%
50 Sn Estaño
74%
32 Ge Germanio
74%
82 Pb Plomo
74%
34 Se Selenio
74%
49 In Indio
73%
52 Te Telurio
71%
84 Po Polonio
70%
81 Tl Talio
67%
85 At Astato
62%
83 Bi Bismuto
62%
118 Og Oganesón
61%
115 Mc Moscovio
41%
117 Ts Téneso
39%
116 Lv Livermorio
36%
113 Nh Nihonio
36%
114 Fl Flerovio
35%
No se encontraron pruebas coincidentes
Distribución de puntuación
Porcentaje de gente con cada puntuación
Porcentaje por número respondido
Historial de tus puntuaciones
No has intentado esta prueba.